[Event "White Rook U14 Final 2019"]
[Site "Sochi"]
[Date "2019.06.06"]
[Round "4.5"]
[White "Putrenko, Kirill"]
[Black "Erastov, Semen"]
[Result "1/2-1/2"]
[WhiteElo "2010"]
[BlackElo "2028"]
[Annotator "NA RC"]
[PlyCount "108"]
[EventDate "2019.06.02"]
[EventCountry "RUS"]
[SourceTitle "playchess.com"]
[Source "ChessBase"]
[SourceQuality "1"]
[TimeControl "5400+30"]

1. d4 {[%emt 0:00:00]} d5 {[%emt 0:00:00]} 2. c4 {[%emt 0:00:00]} e6 {[%emt 0:00:00]} 3. Nc3 {[%emt 0:00:00]} c6 {[%emt 0:00:00]} 4. e4 {[%emt 0:00:00]} dxe4 {[%emt 0:00:00]} 5. Nxe4 {[%emt 0:00:00]} Bb4+ {[%emt 0:00:00]} 6. Nc3 {[%emt 0:00:00]} c5 {[%emt 0:00:00]} 7. a3 {[%emt 0:00:00]} Ba5 {[%emt 0:00:00]} 8. Nf3 {[%emt 0:00:18]} Ne7 {[%emt 0:00:50]} 9. Be3 {[%emt 0:10:43]} cxd4 {[%emt 0:05:25]} 10. Qxd4 {[%emt 0:01:32]} Qxd4 {[%emt 0:02:55]} 11. Bxd4 {[%emt 0:01:24]} Nf5 {[%emt 0:01:18]} 12. b4 {[%emt 0:00:10]} Bd8 {[%emt 0:00:13]} 13. Ne4 {[%emt 0:05:10]} O-O {[%emt 0:02:20]} 14. Bb2 {[%emt 0:02:53]} b6 {[%emt 0:03:00]} 15. Bd3 {[%emt 0:04:06]} Be7 {[%emt 0:02:42]} 16. Ke2 {[%emt 0:05:41]} Bb7 {[%emt 0:01:06]} 17. Rac1 {[%emt 0:07:16]} Nd7 {[%emt 0:02:02]} 18. Rhd1 {[%emt 0:01:55]} Rac8 {[%emt 0:01:49]} 19. Bb1 {[%emt 0:02:06]} Rfd8 {[%emt 0:00:34]} 20. g4 {[%emt 0:02:33]} Bxe4 {[%emt 0:01:17]} 21. Bxe4 {[%emt 0:00:37]} Nd6 {[%emt 0:03:45]} 22. Bd3 {[%emt 0:00:21]} f6 {[%emt 0:00:32]} 23. h3 {[%emt 0:00:27]} e5 {[%emt 0:00:45]} 24. Nd2 {[%emt 0:11:31]} a5 {[%emt 0:01:00]} 25. f3 {[%emt 0:00:36]} axb4 {[%emt 0:07:34]} 26. axb4 {[%emt 0:03:07]} Nb8 {[%emt 0:01:29]} 27. Nb3 {[%emt 0:00:06]} Nc6 {[%emt 0:00:37]} 28. c5 {[%emt 0:05:03]} bxc5 {[%emt 0:07:57]} 29. bxc5 {[%emt 0:02:59]} Nb7 {[%emt 0:00:20]} 30. Be4 {[%emt 0:00:03]} Rxd1 {[%emt 0:00:46]} 31. Kxd1 {[%emt 0:05:24]} g6 {[%emt 0:04:18]} 32. Ke2 {[%emt 0:00:40]} Kf7 {[%emt 0:01:00]} 33. Ba3 {[%emt 0:01:38]} Ke6 {[%emt 0:01:51]} 34. Rd1 {[%emt 0:04:58]} f5 {[%emt 0:02:59]} 35. Bd5+ {[%emt 0:00:37]} Kf6 {[%emt 0:04:24]} 36. Rc1 {[%emt 0:01:35]} Nbd8 {[%emt 0:01:56]} 37. Kd3 {[%emt 0:01:22]} Ne6 {[%emt 0:02:45]} 38. Bxc6 {[%emt 0:04:21]} Rxc6 {[%emt 0:01:03]} 39. Kc4 {[%emt 0:02:03]} Rc8 {[%emt 0:00:21]} 40. Bb4 {[%emt 0:00:51]} Ng5 {[%emt 0:02:15]} 41. Rc3 {[%emt 0:01:40]} Nxh3 {[%emt 0:01:30]} 42. Ba5 {[%emt 0:00:03]} Nf4 {[%emt 0:00:27]} 43. Bb6 {[%emt 0:05:09]} h5 {[%emt 0:01:06]} 44. gxh5 {[%emt 0:01:03]} gxh5 {[%emt 0:01:24]} 45. Kb5 {[%emt 0:01:53]} h4 {[%emt 0:01:15]} 46. Rc2 {[%emt 0:00:33]} h3 {[%emt 0:00:01]} 47. Rh2 {[%emt 0:00:18]} Kg5 {[%emt 0:04:30]} 48. c6 {[%emt 0:03:16]} Kh4 {[%emt 0:02:11]} 49. Bf2+ {[%emt 0:01:02]} Kh5 {[%emt 0:00:31]} 50. Nc5 {[%emt 0:00:03]} Bxc5 {[%emt 0:02:58]} 51. Bxc5 {[%emt 0:01:10]} e4 {[%emt 0:01:42]} 52. fxe4 {[%emt 0:00:08]} fxe4 {[%emt 0:00:56]} 53. Bd6 {[%emt 0:02:33]} Kg4 {[%emt 0:01:18]} 54. Bxf4 {[%emt 0:00:36]} Kxf4 {[%emt 0:00:23]} 1/2-1/2

[Event "White Rook U14 Final 2019"]
[Site "Sochi"]
[Date "2019.06.06"]
[Round "4.6"]
[White "Zhukov, Maksim"]
[Black "Ismagilov, Igor"]
[Result "1-0"]
[WhiteElo "1986"]
[BlackElo "1803"]
[Annotator "NA RC"]
[PlyCount "105"]
[EventDate "2019.06.02"]
[EventCountry "RUS"]
[SourceTitle "playchess.com"]
[Source "ChessBase"]
[SourceQuality "1"]
[TimeControl "5400+30"]

1. d4 {[%emt 0:00:00]} g6 {[%emt 0:00:00]} 2. Nf3 {[%emt 0:00:00]} Bg7 {[%emt 0:00:00]} 3. c4 {[%emt 0:00:00]} d6 {[%emt 0:00:00]} 4. Nc3 {[%emt 0:00:00]} e6 {[%emt 0:01:09]} 5. g3 {[%emt 0:00:27]} b6 {[%emt 0:01:38]} 6. Bg2 {[%emt 0:00:36]} Bb7 {[%emt 0:00:36]} 7. O-O {[%emt 0:00:48]} Nf6 {[%emt 0:02:23]} 8. b3 {[%emt 0:02:15]} O-O {[%emt 0:03:15]} 9. Bb2 {[%emt 0:01:10]} c5 {[%emt 0:03:30]} 10. e3 {[%emt 0:04:01]} Nc6 {[%emt 0:03:33]} 11. Qd2 {[%emt 0:05:00]} Ne7 {[%emt 0:06:26]} 12. Rfd1 {[%emt 0:02:54]} cxd4 {[%emt 0:10:43]} 13. exd4 {[%emt 0:00:21]} Ne4 {[%emt 0:03:39]} 14. Nxe4 {[%emt 0:00:58]} Bxe4 {[%emt 0:00:04]} 15. Rac1 {[%emt 0:03:25]} Rc8 {[%emt 0:07:05]} 16. Qe2 {[%emt 0:01:49]} d5 {[%emt 0:06:07]} 17. c5 {[%emt 0:01:30]} Nf5 {[%emt 0:08:13]} 18. b4 {[%emt 0:05:10]} Qf6 {[%emt 0:05:40]} 19. Ne5 {[%emt 0:02:53]} Bxg2 {[%emt 0:03:09]} 20. Kxg2 {[%emt 0:00:06]} Qe7 {[%emt 0:01:07]} 21. b5 {[%emt 0:07:16]} Bxe5 {[%emt 0:05:23]} 22. Qxe5 {[%emt 0:00:24]} f6 {[%emt 0:02:39]} 23. Qe2 {[%emt 0:01:06]} Ng7 {[%emt 0:01:08]} 24. Qf3 {[%emt 0:03:06]} Qd7 {[%emt 0:02:50]} 25. c6 {[%emt 0:01:39]} Qc7 {[%emt 0:00:40]} 26. Rc2 {[%emt 0:01:13]} a6 {[%emt 0:04:48]} 27. a4 {[%emt 0:02:35]} axb5 {[%emt 0:00:17]} 28. axb5 {[%emt 0:00:01]} Ra8 {[%emt 0:01:43]} 29. Bc1 {[%emt 0:00:37]} g5 {[%emt 0:00:30]} 30. Ba3 {[%emt 0:02:04]} Rfe8 {[%emt 0:00:44]} 31. Bb4 {[%emt 0:03:11]} Nf5 {[%emt 0:03:04]} 32. Re2 {[%emt 0:00:20]} Ra4 {[%emt 0:01:29]} 33. Rxe6 {[%emt 0:10:26]} Rxe6 {[%emt 0:00:12]} 34. Qxf5 {[%emt 0:00:04]} Qf7 {[%emt 0:04:57]} 35. c7 {[%emt 0:00:26]} Ra8 {[%emt 0:00:24]} 36. Qxd5 {[%emt 0:01:09]} Rc8 {[%emt 0:01:22]} 37. Rc1 {[%emt 0:00:45]} Re7 {[%emt 0:01:30]} 38. Qd8+ {[%emt 0:01:22]} Re8 {[%emt 0:00:03]} 39. Qd6 {[%emt 0:00:07]} Re6 {[%emt 0:00:17]} 40. Qd5 {[%emt 0:01:40]} Re7 {[%emt 0:00:17]} 41. Qxf7+ {[%emt 0:00:27]} Rxf7 {[%emt 0:00:07]} 42. Bd6 {[%emt 0:00:06]} Rd7 {[%emt 0:02:33]} 43. Rc6 {[%emt 0:00:06]} Kf7 {[%emt 0:00:19]} 44. Rxb6 {[%emt 0:00:42]} Rxd6 {[%emt 0:02:33]} 45. Rxd6 {[%emt 0:00:05]} Rxc7 {[%emt 0:00:03]} 46. b6 {[%emt 0:00:29]} Rc3 {[%emt 0:00:36]} 47. Rd8 {[%emt 0:01:26]} Rb3 {[%emt 0:00:49]} 48. Rb8 {[%emt 0:00:08]} Kg6 {[%emt 0:00:05]} 49. b7 {[%emt 0:00:16]} Kf5 {[%emt 0:00:04]} 50. d5 {[%emt 0:00:12]} Kg4 {[%emt 0:02:15]} 51. d6 {[%emt 0:01:26]} f5 {[%emt 0:00:04]} 52. h3+ {[%emt 0:00:04]} Kh5 {[%emt 0:00:03]} 53. d7 {[%emt 0:00:13]} 1-0

[Event "White Rook U14 Final 2019"]
[Site "Sochi"]
[Date "2019.06.06"]
[Round "4.7"]
[White "Khodko, Yurii N."]
[Black "Ermolaev, Ivan"]
[Result "1-0"]
[WhiteElo "1727"]
[BlackElo "1776"]
[Annotator "NA RC"]
[PlyCount "140"]
[EventDate "2019.06.02"]
[EventCountry "RUS"]
[SourceTitle "playchess.com"]
[Source "ChessBase"]
[SourceQuality "1"]
[TimeControl "5400+30"]

1. e4 {[%emt 0:00:00]} c5 {[%emt 0:00:15]} 2. Nf3 {[%emt 0:00:08]} Nc6 {[%emt 0:00:00]} 3. d4 {[%emt 0:00:32]} cxd4 {[%emt 0:00:08]} 4. Nxd4 {[%emt 0:00:00]} Nf6 {[%emt 0:00:08]} 5. Nc3 {[%emt 0:00:08]} e5 {[%emt 0:00:08]} 6. Ndb5 {[%emt 0:01:12]} d6 {[%emt 0:00:08]} 7. Bg5 {[%emt 0:00:48]} a6 {[%emt 0:00:17]} 8. Na3 {[%emt 0:00:00]} b5 {[%emt 0:00:08]} 9. Nd5 {[%emt 0:00:00]} Be7 {[%emt 0:00:16]} 10. Bxf6 {[%emt 0:00:00]} Bxf6 {[%emt 0:00:08]} 11. c3 {[%emt 0:00:08]} O-O {[%emt 0:00:16]} 12. Nc2 {[%emt 0:00:00]} Bg5 {[%emt 0:00:00]} 13. a4 {[%emt 0:00:08]} bxa4 {[%emt 0:00:00]} 14. Rxa4 {[%emt 0:00:07]} a5 {[%emt 0:00:00]} 15. Bc4 {[%emt 0:00:08]} Ne7 {[%emt 0:00:17]} 16. O-O {[%emt 0:14:16]} Bd7 {[%emt 0:00:08]} 17. Ra2 {[%emt 0:00:57]} Kh8 {[%emt 0:09:29]} 18. b4 {[%emt 0:04:56]} axb4 {[%emt 0:00:33]} 19. Rxa8 {[%emt 0:03:46]} Qxa8 {[%emt 0:00:08]} 20. Nb6 {[%emt 0:02:50]} Qc6 {[%emt 0:00:32]} 21. Nxd7 {[%emt 0:01:20]} Qxd7 {[%emt 0:00:00]} 22. cxb4 {[%emt 0:03:37]} f5 {[%emt 0:00:40]} 23. exf5 {[%emt 0:01:46]} Nxf5 {[%emt 0:00:32]} 24. Qg4 {[%emt 0:07:17]} Bh6 {[%emt 0:08:02]} 25. Ne3 {[%emt 0:04:20]} g6 {[%emt 0:00:54]} 26. Qh3 {[%emt 0:07:20]} Bg5 {[%emt 0:05:38]} 27. b5 {[%emt 0:04:57]} Qc8 {[%emt 0:19:41]} 28. Nxf5 {[%emt 0:02:28]} gxf5 {[%emt 0:03:43]} 29. Qd3 {[%emt 0:01:13]} Qc5 {[%emt 0:00:51]} 30. Rd1 {[%emt 0:00:59]} Be7 {[%emt 0:02:50]} 31. Be6 {[%emt 0:03:32]} e4 {[%emt 0:03:04]} 32. Qd4+ {[%emt 0:04:30]} Qxd4 {[%emt 0:04:28]} 33. Rxd4 {[%emt 0:00:00]} Rb8 {[%emt 0:05:07]} 34. Bxf5 {[%emt 0:03:56]} Rxb5 {[%emt 0:00:07]} 35. Bxe4 {[%emt 0:00:00]} Kg7 {[%emt 0:00:20]} 36. g3 {[%emt 0:00:27]} h6 {[%emt 0:00:36]} 37. Bd3 {[%emt 0:00:49]} Re5 {[%emt 0:00:34]} 38. h4 {[%emt 0:00:41]} Bf8 {[%emt 0:02:52]} 39. Kg2 {[%emt 0:00:50]} Kf6 {[%emt 0:01:27]} 40. Rf4+ {[%emt 0:01:09]} Kg7 {[%emt 0:03:25]} 41. Ra4 {[%emt 0:03:48]} Kf6 {[%emt 0:00:30]} 42. Ra8 {[%emt 0:00:36]} Kg7 {[%emt 0:00:37]} 43. Bc4 {[%emt 0:01:21]} Re4 {[%emt 0:00:53]} 44. Ba2 {[%emt 0:00:58]} Re5 {[%emt 0:02:53]} 45. Ra7+ {[%emt 0:01:18]} Re7 {[%emt 0:00:16]} 46. Ra4 {[%emt 0:01:08]} Re5 {[%emt 0:03:38]} 47. Rg4+ {[%emt 0:00:06]} Kf6 {[%emt 0:00:21]} 48. Rf4+ {[%emt 0:00:41]} Rf5 {[%emt 0:00:35]} 49. Kf3 {[%emt 0:01:21]} Be7 {[%emt 0:00:30]} 50. g4 {[%emt 0:00:45]} Rxf4+ {[%emt 0:00:05]} 51. Kxf4 {[%emt 0:00:05]} Kg6 {[%emt 0:01:06]} 52. Bb1+ {[%emt 0:01:09]} Kg7 {[%emt 0:00:49]} 53. g5 {[%emt 0:00:43]} d5 {[%emt 0:01:06]} 54. Kf5 {[%emt 0:01:20]} Bd8 {[%emt 0:00:39]} 55. f4 {[%emt 0:00:44]} Be7 {[%emt 0:01:47]} 56. Ke6 {[%emt 0:01:15]} hxg5 {[%emt 0:01:08]} 57. hxg5 {[%emt 0:00:13]} Kf8 {[%emt 0:00:37]} 58. Kxd5 {[%emt 0:00:26]} Kg7 {[%emt 0:00:36]} 59. Ke6 {[%emt 0:00:52]} Kf8 {[%emt 0:00:15]} 60. Ba2 {[%emt 0:06:50]} Bd8 {[%emt 0:00:24]} 61. Bd5 {[%emt 0:00:18]} Kg7 {[%emt 0:00:25]} 62. Be4 {[%emt 0:02:37]} Ba5 {[%emt 0:02:06]} 63. f5 {[%emt 0:00:23]} Bd2 {[%emt 0:00:23]} 64. f6+ {[%emt 0:01:28]} Kg8 {[%emt 0:01:04]} 65. g6 {[%emt 0:00:07]} Bh6 {[%emt 0:00:07]} 66. Kf5 {[%emt 0:00:09]} Bf8 {[%emt 0:02:14]} 67. Bb1 {[%emt 0:01:17]} Bh6 {[%emt 0:00:30]} 68. Ba2+ {[%emt 0:00:39]} Kf8 {[%emt 0:00:46]} 69. Ke6 {[%emt 0:00:04]} Kg8 {[%emt 0:00:00]} 70. Ke7+ {[%emt 0:00:00]} Kh8 {[%emt 0:00:00]} 1-0

[Event "White Rook U14 Final 2019"]
[Site "Sochi"]
[Date "2019.06.06"]
[Round "4.8"]
[White "Kuzmina, Varvara"]
[Black "Loviagina, Dariana"]
[Result "1-0"]
[WhiteElo "1190"]
[BlackElo "1297"]
[Annotator "NA RC"]
[PlyCount "93"]
[EventDate "2019.06.02"]
[EventCountry "RUS"]
[SourceTitle "playchess.com"]
[Source "ChessBase"]
[SourceQuality "1"]
[TimeControl "5400+30"]

1. d4 {[%emt 0:00:00]} d5 {[%emt 0:00:00]} 2. c4 {[%emt 0:00:00]} e6 {[%emt 0:00:00]} 3. Nc3 {[%emt 0:00:00]} Nf6 {[%emt 0:00:00]} 4. Nf3 {[%emt 0:00:00]} c6 {[%emt 0:00:12]} 5. Bg5 {[%emt 0:00:16]} Nbd7 {[%emt 0:00:13]} 6. e3 {[%emt 0:00:48]} Qa5 {[%emt 0:00:10]} 7. Qd2 {[%emt 0:00:29]} Bb4 {[%emt 0:00:28]} 8. Bd3 {[%emt 0:00:46]} dxc4 {[%emt 0:00:16]} 9. Bc2 {[%emt 0:00:55]} Nd5 {[%emt 0:00:20]} 10. O-O {[%emt 0:01:41]} Bxc3 {[%emt 0:01:50]} 11. bxc3 {[%emt 0:03:38]} Qxc3 {[%emt 0:00:32]} 12. e4 {[%emt 0:00:47]} Qxd2 {[%emt 0:00:16]} 13. Nxd2 {[%emt 0:00:06]} N5b6 {[%emt 0:00:30]} 14. Rac1 {[%emt 0:01:18]} c3 {[%emt 0:02:11]} 15. Nb1 {[%emt 0:01:05]} h6 {[%emt 0:00:31]} 16. Be3 {[%emt 0:01:36]} O-O {[%emt 0:01:50]} 17. Nxc3 {[%emt 0:00:54]} e5 {[%emt 0:00:57]} 18. Bb3 {[%emt 0:01:32]} Rd8 {[%emt 0:05:31]} 19. Rfd1 {[%emt 0:02:36]} Re8 {[%emt 0:04:09]} 20. f3 {[%emt 0:04:09]} exd4 {[%emt 0:05:16]} 21. Bxd4 {[%emt 0:00:59]} Nf6 {[%emt 0:00:35]} 22. Rb1 {[%emt 0:02:00]} Nbd7 {[%emt 0:02:38]} 23. Re1 {[%emt 0:06:03]} b6 {[%emt 0:05:07]} 24. e5 {[%emt 0:18:23]} Nh7 {[%emt 0:00:25]} 25. f4 {[%emt 0:01:38]} Nhf8 {[%emt 0:00:57]} 26. f5 {[%emt 0:00:50]} c5 {[%emt 0:00:11]} 27. e6 {[%emt 0:00:05]} fxe6 {[%emt 0:02:13]} 28. fxe6 {[%emt 0:05:58]} Nf6 {[%emt 0:00:33]} 29. e7+ {[%emt 0:01:18]} Ne6 {[%emt 0:00:27]} 30. Bxf6 {[%emt 0:00:10]} gxf6 {[%emt 0:00:17]} 31. Bxe6+ {[%emt 0:00:07]} Bxe6 {[%emt 0:00:12]} 32. Rxe6 {[%emt 0:00:02]} Kf7 {[%emt 0:00:12]} 33. Rbe1 {[%emt 0:01:53]} a6 {[%emt 0:02:58]} 34. Rxb6 {[%emt 0:01:02]} Rxe7 {[%emt 0:00:41]} 35. Rxe7+ {[%emt 0:00:20]} Kxe7 {[%emt 0:00:07]} 36. Nd5+ {[%emt 0:00:06]} Kf7 {[%emt 0:00:31]} 37. Rxf6+ {[%emt 0:00:12]} Kg7 {[%emt 0:00:07]} 38. Rc6 {[%emt 0:00:10]} Rb8 {[%emt 0:00:54]} 39. h3 {[%emt 0:01:34]} Rb5 {[%emt 0:01:40]} 40. Rxa6 {[%emt 0:01:51]} c4 {[%emt 0:00:20]} 41. Nc3 {[%emt 0:00:35]} Rc5 {[%emt 0:00:10]} 42. Kf2 {[%emt 0:01:15]} Rf5+ {[%emt 0:00:44]} 43. Ke3 {[%emt 0:01:01]} Rg5 {[%emt 0:00:35]} 44. g4 {[%emt 0:00:16]} h5 {[%emt 0:00:17]} 45. Kf4 {[%emt 0:00:00]} Rc5 {[%emt 0:00:12]} 46. Rf6 {[%emt 0:02:05]} Ra5 {[%emt 0:00:45]} 47. Rc6 {[%emt 0:00:44]} 1-0

[Event "White Rook U14 Final 2019"]
[Site "Sochi"]
[Date "2019.06.06"]
[Round "4.9"]
[White "Mongush, Kezhik"]
[Black "Tugstumur, Yesuntumur"]
[Result "0-1"]
[WhiteElo "1824"]
[BlackElo "2356"]
[Annotator "TA"]
[PlyCount "158"]
[EventDate "2019.06.02"]
[EventCountry "RUS"]
[SourceTitle "playchess.com"]
[Source "ChessBase"]
[SourceQuality "1"]

{[%evp 19,157,60,81,79,68,67,74,72,72,65,83,17,21,20,19,18,70,64,59,52,55,20,61,40,36,39,143,30,53,22,93,20,60,0,90,70,81,58,115,108,143,153,129,60,56,64,70,0,44,-209,-209,-192,-204,-191,-192,-216,-231,-216,-83,-317,-317,-317,-317,-550,-556,-1009,-977,-934,-929,-896,-885,-883,-875,-922,-819,-1066,-1066,-1066,-1066,-1066,-1066,-1049,-1042,-1002,-887,-861,-805,-29971,-29971,-29971,-29974,-29973,-29973,-29972,-29974,-29972,-29968,-29974,-29972,-29972,-29973,-29983,-29977,-29979,-29979,-29981,-29982,-29982,-29982,-29989,-29985,-29989,-29990,-29991,-29992,-29993,-29993,-29993,-29994,-29994,-29992,-29993,-29993,-29994,-29993,-29993,-29993,-29993,-29993,-29993,-29994,-29994,-29994,-29995,-29996,-29996,-29997,-29998,-29999,-29999]} 1. d4 Nf6 2. c4 c5 3. d5 b5 4. cxb5 a6 5. bxa6 g6 6. Nc3 Bg7 7. e4 O-O 8. Nf3 d6 9. Be2 Bxa6 10. O-O Nbd7 11. a4 {A58: Benko/Volga Gambit: Lines with 5 bxa6} (11. h3 Qa5 12. Bxa6 Rxa6 13. Re1 Ne8 14. Bd2 Nc7 15. a4 Qb6 16. b3 Rb8 17. Rb1 Qb7 18. Na2 Nb5 19. Qc1 Ne5 20. Nxe5 Bxe5 {½-½ (78) Kornev,A (2536)-Novikov,M (2500) Tula 2014}) 11... Qb6 12. Qc2 Bxe2 13. Qxe2 {White is better.} Rfb8 14. Nb5 $146 ({Predecessor:} 14. Bd2 Ne8 15. Rfb1 Nc7 16. Nd1 Qb3 17. Bg5 f6 18. Bd2 Rxa4 19. Bc3 Rxa1 20. Rxa1 Nb5 21. Kf1 Nxc3 22. bxc3 Qb6 {½-½ (22) Hempson,P (2172)-Ledger,S (2203) Scarborough 2004}) 14... Ne8 15. Ra3 (15. Bg5 $16) 15... Nc7 $11 16. Nxc7 Qxc7 17. b3 Rb7 (17... c4 $11) 18. Bb2 Bxb2 19. Qxb2 Rb4 20. Qc2 Qb6 21. Nd2 Ne5 22. h3 Rb8 {[#]} ({Better is} 22... Rd4 $14) 23. Kh1 ({White should play} 23. a5 $1 $16 {[%cal Ra5b6]} Qa7 24. a6) 23... Rd4 24. f4 $36 {[%mdl 2048] White is pushing.} Nd7 (24... Qa6 $11 {remains equal.} 25. fxe5 Rxd2 {[%mdl 64] Remove Defender} 26. Qxd2 Qxf1+ 27. Kh2 dxe5) 25. Nf3 (25. Re1 $16) 25... Rb4 {[%cal Rb4b3]} 26. Nd2 (26. a5 $14 Qa6 27. Nd2) 26... Qa6 (26... Rd4 $1 $11) 27. Rf3 Rd4 28. Nc4 Re8 (28... Nb6 $14) 29. Ra1 $16 e6 30. Rd1 exd5 31. Rxd4 (31. exd5 $16 Rde4 32. f5) 31... cxd4 $14 32. exd5 {Hoping for Qd3.} Nc5 33. Qd2 (33. Qb2 $14) 33... d3 (33... Nxb3 $5 34. Qb4 Nc5 $11) 34. Rxd3 $2 {[%mdl 8192]} (34. Qb4 $14) 34... Nxd3 $19 35. Qxd3 $14 {[%mdl 4096] Endgame KQR-KQN} Re1+ 36. Kh2 Qa7 {[%mdl 1024] Black has strong compensation.} 37. a5 h5 ({Don't play} 37... Qf2 38. Qf3) 38. Qd2 {[#]} Ra1 (38... Qg1+ $1 $19 {is more deadly.} 39. Kg3 Rb1) 39. h4 $2 (39. Nxd6 $2 {leads to mate.} h4 40. Qe1 Rxe1 41. g4 Qg1#) (39. Kg3 $17 {was the only defense.}) 39... Qg1+ $19 40. Kg3 Rb1 41. Qc2 $2 (41. Qc3 {was worth a try.} Qd1 42. Ne3 Qxb3 43. Qxb3 Rxb3 44. Kf2) 41... Qe1+ 42. Kh3 Rc1 43. Qd2 Rc3+ {[%mdl 64] Double Attack} 44. Kh2 Qxh4+ 45. Kg1 Rxb3 {( -> ...Rb1+)} 46. Qd1 Rb4 47. Ne3 Qxf4 48. Qd3 Qd4 49. Qxd4 Rxd4 {KR-KN} 50. a6 Ra4 51. a7 Rxa7 52. Nc4 Kf8 53. Nxd6 Rd7 {Black mates.} 54. Ne4 Rxd5 55. Nf6 Rf5 56. Ne4 Ke7 57. Ng3 Ra5 58. Ne2 g5 59. Nd4 Rd5 60. Nc6+ Kd6 61. Nb4 Rb5 62. Nd3 Rb3 63. Nf2 Ke5 64. Kh2 f5 65. Nd1 h4 66. Nf2 g4 67. Nh1 f4 68. Kg1 g3 {[%cal Rb3b1]} 69. Kf1 Rb1+ 70. Ke2 Rxh1 {KR-KP} 71. Kf3 Kf5 72. Ke2 Ke4 73. Kd2 Rg1 74. Kc3 Rxg2 75. Kb3 h3 76. Kc3 h2 77. Kb3 h1=Q 78. Ka3 Qb1 {[%csl Gb1][%cal Rg2a2]} 79. Ka4 Ra2# {Accuracy: White = 29%, Black = 51%.} 0-1

[Event "White Rook U14 Final 2019"]
[Site "Sochi"]
[Date "2019.06.06"]
[Round "4.10"]
[White "Munkhzul, Davaakhuu"]
[Black "Fomkin, Dmitry"]
[Result "1-0"]
[WhiteElo "1806"]
[BlackElo "1733"]
[Annotator "NA RC"]
[PlyCount "97"]
[EventDate "2019.06.02"]
[EventCountry "RUS"]
[SourceTitle "playchess.com"]
[Source "ChessBase"]
[SourceQuality "1"]
[TimeControl "5400+30"]

1. e4 {[%emt 0:00:00]} c5 {[%emt 0:00:00]} 2. Nf3 {[%emt 0:00:00]} d6 {[%emt 0:00:00]} 3. d4 {[%emt 0:00:00]} cxd4 {[%emt 0:00:10]} 4. Nxd4 {[%emt 0:00:00]} Nf6 {[%emt 0:00:00]} 5. Nc3 {[%emt 0:00:00]} Nc6 {[%emt 0:00:00]} 6. Bg5 {[%emt 0:00:33]} e6 {[%emt 0:00:00]} 7. f4 {[%emt 0:00:30]} a6 {[%emt 0:01:10]} 8. Qd2 {[%emt 0:00:50]} Bd7 {[%emt 0:00:37]} 9. O-O-O {[%emt 0:01:35]} Be7 {[%emt 0:00:00]} 10. Nf3 {[%emt 0:02:31]} b5 {[%emt 0:05:42]} 11. e5 {[%emt 0:02:57]} b4 {[%emt 0:03:09]} 12. exf6 {[%emt 0:00:18]} bxc3 {[%emt 0:00:08]} 13. Qxc3 {[%emt 0:00:05]} gxf6 {[%emt 0:00:34]} 14. Bh6 {[%emt 0:01:49]} Rg8 {[%emt 0:00:24]} 15. Bd3 {[%emt 0:00:54]} Qb6 {[%emt 0:02:36]} 16. Bxh7 {[%emt 0:03:54]} Rh8 {[%emt 0:00:20]} 17. Ng5 {[%emt 0:00:26]} Nb4 {[%emt 0:00:43]} 18. Kb1 {[%emt 0:02:40]} Rc8 {[%emt 0:00:15]} 19. Qh3 {[%emt 0:01:12]} fxg5 {[%emt 0:01:54]} 20. Bg7 {[%emt 0:01:38]} g4 {[%emt 0:00:42]} 21. Qh5 {[%emt 0:02:55]} Rc5 {[%emt 0:00:19]} 22. f5 {[%emt 0:04:39]} Rxf5 {[%emt 0:00:53]} 23. Qh6 {[%emt 0:01:44]} Bg5 {[%emt 0:00:00]} 24. Qh5 {[%emt 0:00:12]} Qa5 {[%emt 0:03:30]} 25. a3 {[%emt 0:03:07]} Bf4 {[%emt 0:00:39]} 26. Qxg4 {[%emt 0:06:04]} Rxh7 {[%emt 0:00:24]} 27. axb4 {[%emt 0:00:20]} Qd8 {[%emt 0:01:51]} 28. Bf6 {[%emt 0:01:30]} Qxf6 {[%emt 0:00:59]} 29. Qg8+ {[%emt 0:00:07]} Ke7 {[%emt 0:00:03]} 30. Qxh7 {[%emt 0:00:07]} Be5 {[%emt 0:00:45]} 31. g4 {[%emt 0:04:11]} Rf2 {[%emt 0:01:23]} 32. Qd3 {[%emt 0:01:22]} Bb5 {[%emt 0:00:48]} 33. Qe3 {[%emt 0:02:12]} Kf8 {[%emt 0:02:22]} 34. g5 {[%emt 0:09:34]} Qf5 {[%emt 0:00:00]} 35. Rd2 {[%emt 0:02:55]} Rf1+ {[%emt 0:00:00]} 36. Rd1 {[%emt 0:04:20]} Rf3 {[%emt 0:00:03]} 37. Qb6 {[%emt 0:19:27]} Rb3 {[%emt 0:00:22]} 38. Rd4 {[%emt 0:00:51]} Qf2 {[%emt 0:04:47]} 39. Rhd1 {[%emt 0:02:56]} Bxd4 {[%emt 0:00:46]} 40. Rxd4 {[%emt 0:00:04]} Re3 {[%emt 0:03:11]} 41. Qxd6+ {[%emt 0:01:22]} Kg7 {[%emt 0:00:33]} 42. Qc5 {[%emt 0:01:00]} Re1+ {[%emt 0:00:09]} 43. Ka2 {[%emt 0:15:51]} Re2 {[%emt 0:00:20]} 44. h4 {[%emt 0:00:33]} Rxc2 {[%emt 0:00:17]} 45. Qe5+ {[%emt 0:01:55]} Kh7 {[%emt 0:01:09]} 46. Rd8 {[%emt 0:00:03]} Bc4+ {[%emt 0:01:03]} 47. Kb1 {[%emt 0:00:36]} Re2 {[%emt 0:00:23]} 48. Rh8+ {[%emt 0:00:04]} Kg6 {[%emt 0:03:16]} 49. h5# {[%emt 0:00:10]} 1-0